[Event "Eurasia Cup op"]
[Site "Ekaterinburg"]
[Date "2019.08.06"]
[Round "6"]
[White "Safiullin, Alexandr"]
[Black "Osipov, Igor"]
[Result "1/2-1/2"]
[WhiteElo "1691"]
[BlackElo "2030"]
[PlyCount "57"]
[EventDate "2019.07.31"]
[EventType "swiss"]
[EventRounds "9"]
[EventCountry "RUS"]
[SourceTitle "CBM 191 Extra"]
[Source "ChessBase"]
[SourceDate "2019.09.30"]
[SourceVersion "1"]
[SourceVersionDate "2019.09.30"]
[SourceQuality "1"]

1. e4 c6 2. Nc3 d5 3. Qf3 d4 4. Bc4 e6 5. Nce2 c5 6. d3 Nc6 7. Qg3 Nf6 8. Bg5 h6 9. Bd2 Bd6 10. f4 g5 11. Bb5 gxf4 12. Bxc6+ bxc6 13. Bxf4 Qa5+ 14. Kd1 Rg8 15. Qh4 Bxf4 16. Nxf4 Ng4 17. Nf3 Ne3+ 18. Kc1 Rb8 19. Nh5 Rxb2 20. Nf6+ Kf8 21. Nh7+ Kg7 22. Qf6+ Kxh7 23. Qxf7+ Rg7 24. Ng5+ hxg5 25. Qh5+ Kg8 26. Qe8+ Kh7 27. Qh5+ Kg8 28. Qe8+ Kh7 29. Qh5+ 1/2-1/2